|
|
|
|
| LEADER |
00940nam a22002772a 4500 |
| 001 |
001387506 |
| 003 |
CZ BrMZK |
| 005 |
20140627124858.0 |
| 007 |
ta |
| 008 |
140515s1961 xr er|||||||||||cze d |
| 015 |
|
|
|a cnb000612178
|
| 035 |
|
|
|a (OCoLC)85466822
|
| 040 |
|
|
|a ABA001
|b cze
|c OSA001
|d ABA001
|d BOA001
|
| 080 |
9 |
|
|a 331.214:[63:334.6(021)
|
| 100 |
1 |
|
|a Koťátko, Jiří,
|d 1899-1962
|7 jk01062131
|4 aut
|
| 245 |
1 |
0 |
|a Peněžní odměna v JZD /
|c Jiří Koťátko a kol.
|
| 250 |
|
|
|a 1. vyd.
|
| 260 |
|
|
|a Praha :
|b Státní nakladatelství politické literatury,
|c 1961
|
| 300 |
|
|
|a 279 s. ;
|c 8°
|
| 500 |
|
|
|a 6000 výt.
|
| 504 |
|
|
|a Obsahuje bibliografii
|
| 910 |
|
|
|a BOA001
|b 2-0463.791
|
| 990 |
|
|
|a BK
|
| 991 |
|
|
|b 201405
|
| 996 |
6 |
|
|b 2619071765
|c 2-0463.791
|l MZK
|r Sklad / do 24 hodin
|n 0
|w 001422555
|u 000020
|a 1
|e BOA001
|j MZK50
|s P
|
| 996 |
7 |
|
|b 2619071766
|c 2-0463.791
|l MZK
|r Sklad / do 24 hodin
|n 0
|w 001422555
|u 000010
|a 1
|e BOA001
|j MZK50
|s A
|